000 00673nam a22001817a 4500
003 LK-CoDNM
005 20241112105555.0
008 241111b |||||||| |||| 00| 0 eng
040 _aLK-CoDNM
_dLK-CoDNM
_eLK-CoDNM
041 _asin
080 _aප්‍ර.ස
_b72.1
245 _aසාරාර්ථ ප්‍රදීපිකාව 1863 දෙසැම්බර්
_b 1 කාණ්ඩය
260 _c1863
300 _a98p. : 21 cm
650 _aප්‍ර.ස72.1
650 _aසාරාර්ථ ප්‍රදීපිකාව 1863 දෙසැම්බර්
942 _cBK
999 _c229163
_d229163